1943 1271 1989 1197 1187 1248 1294 1018 1814 1447 1323 1291 1563 1094 1613 1219 1405 1913 1726 1099 1298 1242 1111 1264 1035 1785 1559 1145 1624 1250 1808 1792 1962 1607 1814 1599 1054 1705 1101 1090 1682 1497 1952 1364 1882 1812 1084 1903 1307 1733 1216 1233 1173 1436 1908 1412 1402 1830 1551 1929 1809 1123 1343 1940 1535 1772 1004 1021 1943 1453 1986 1439 1775 1742 1463 1760 1410 1164 1909 1404 1776 1195 1180 1958 1675 1973 1276 1047 1681 1377 1459 1414 1019 1624 1682 1371 1203 1237 1784 BCNSPRNW ULIB Ver.6.0+V

เปลี่ยนเป็นภาษาไทย

Change to English
 แสดงรายละเอียดบรรณานุกรม
  กลับหน้าหลัก

Brief Record : Get Marc (ISO 2709) : E-mail record : QR code < ปิดหน้าต่าง
LEADER : 00000nam 2200000uu 4500
001    13399121321
003     ULIB
008    121115s2551||||th 000 0 tha d
020    ^a9789744512529
060  4 ^aWA754^bน473ห
100 0  ^aนายรอบคอบ
245 10 ^aหนังสือชุดรู้ทันภัย ตอน หลุมพรางจากตู้ATM /^cโดยนายรอบคอบ
246 30 ^aหลุมพรางจากตู้ATM
250    ^aพิมพ์ครั้งที่ 1
260    ^aกรุงเทพฯ :^bวาไรตี้ มีเดีย,^c2551
300    ^a77 หน้า ;^c20 ซม.
440  0 ^aหนังสือชุดรู้ทันภัย
650  7 ^aอุบัติภัย
650  7 ^aอุบัติเหตุ^xการป้องกัน
650  7 ^aความปลอดภัย
945    ^p75^l0^i16514
995    ^aวิภา
999 ^a ใช้งานได้ทุกระบบ
รายการนี้ยังไม่มีแท็ก
คุณยังไม่ได้ล็อกอิน คุณสามารถมีกิจกรรมร่วมกับเว็บไซต์ได้ แต่ต้องล็อกอินก่อน ::
  ล็อกอิน

รายการสื่อสารสนเทศ

ลำดับที่ ประเภท เลขเรียก/บาร์โค้ด สถานที่ สถานะ
- ไม่พบข้อมูล -

รายการใกล้เคียง
    ผู้แต่ง [นายรอบคอบ]

    หัวเรื่อง [อุบัติภัย]
    หัวเรื่อง [ความปลอดภัย]

BibComment


ยังไม่เคยถูกคอมเมนท์

คอมเมนท์ทรัพยากรรายการนี้
  คอมเมนท์: หนังสือชุดรู้ทัน..


 Copyright 2026. Bcnsprnw @Library